000 00460nam a2200181Ia 4500
008 180921t2014 xxu||||| |||| 00| 0 sin d
041 _asin
080 _a8-31
_bSHE
100 _aSherman, Visnu
245 _aපංච තන්ත්‍රය
246 _aPancha Thantraya
260 _bGunasena
_aColombo
_c2014
300 _a388p, 18cm
700 _aHemapala Munidasa
_etr.
942 _cBK
999 _c11420
_d11420
003 LK-CoDNM
040 _aLK-CoDNM
_dLK-CoDNM
_eLK-CoDNM